LEADER 01125nam a2200253 4500 001 000000353480 003 CaOOAMICUS 005 20230503115211.0 008 230417s2022 it 000 u ita r 020 $a978-88-372-3614-4 040 $aSeMil$bita 100 1 $aMorocutti, Paolo,$d<1975- >.$0(OLS)http://semarc/name/117443 245 12$aL'uomo e il suo mistero :$btemi fondamentali di antropologia teologica /$cPaolo Morocutti. 264 1$aBrescia :$bMorcelliana,$c2022. 300 $a210 p. ;$c21 cm 490 1 $aQuaderni per l'università ;$v26 650 4$aAntropologia teologica.$0(OLS)http://semarc/subject/2114 830 0$aQuaderni per l'Università ;$v26.$0(OLS)http://semarc/title/11461 850 $aSeMil 852 $aSeMil$W1$xVenegono$y1$m2B II 572$j239866$B244829$CSeMilBibl$Z2$F244829 $81 996 $6020$a978-88-372-3614-4$9(OLS)http://semarc/number/297975 996 $6245$aL'uomo e il suo mistero :$btemi fondamentali di antropologia teologica$9(OLS)http://semarc/title/443533 996 $6264$aBrescia :$bMorcelliana$9(OLS)http://semarc/publisher/29629 LEADER 01250nam a2200277 i 4500 001 000000032540 003 CaOOAMICUS 005 20180830125449.0 008 180830s1959 it u000 u ita u 040 $aSeMil$bita 100 1 $aBihlmeyer, Karl.$0(OLS)http://semarc/name/1380 240 10$aKirchengeschichte.$0(OLS)http://semarc/title/2490 245 10$aStoria della Chiesa /$cKarl Bihlmeyer, Hermann Tuechle ; edizione italiana a cura di Igino Rogger. 260 $aBrescia :$bMorcelliana,$c1959-1960. 300 $a4 v. ;$c24 cm. 500 $aFondo card. Giovanni Colombo. 650 4$aChiesa - Storia.$0(OLS)http://semarc/subject/8 700 1 $aRogger, Igino .$0(OLS)http://semarc/name/1382 700 1 $aTuechle, Hermann.$0(OLS)http://semarc/name/1381 774 0 $tAntichità cristiana.$bristampa della 2. edizione riveduta (1957).$gVol.1$w()245016 774 0 $tMedioevo.$b2. Edizione riveduta e aggiornata.$gVol.2$w()245017 774 0 $tEpoca delle Riforme.$b2. Edizione riveduta e aggiornata.$gVol.3$w()245018 774 0 $tEpoca moderna.$gVol.4$w()245019 941 1 $a3 996 $6245$aStoria della Chiesa$9(OLS)http://semarc/title/234 996 $6260$aBrescia :$bMorcelliana$9(OLS)http://semarc/publisher/29629 LEADER 01209nam a2200289 i 4500 001 000000107262 003 CaOOAMICUS 005 20101129000000.0 008 101129s2003 it u000 u ita u 013 $a79490 020 $a88-498-0623-X 040 $aSeMil$bita 245 12$aL'idea di persona nel pensiero orientale /$ca cura di Giovanni Grandi. 260 $aSoveria Mannelli :$bRubbettino,$c2003. 300 $a91 p. ;$c21 cm. 490 0 $aIl colibrì 650 4$aPersonalismo - Filosofia.$0(OLS)http://semarc/subject/3264 650 4$aPersona - Filosofia.$0(OLS)http://semarc/subject/6686 650 4$aUomo - Concezione cristiana.$0(OLS)http://semarc/subject/6344 700 1 $aGrandi, Giovanni,$d<1974- >.$0(OLS)http://semarc/name/45121 830 3$aIl colibrì.$0(OLS)http://semarc/title/10119 850 $aSeMil 852 $aSeMil$W1$xVenegono$y1$m2P II 765$j63358$B63358$CSeMilBibl$Z2$F158485 $81 961 $aOmaggio: Paleari don Marco 996 $6020$a88-498-0623-X$9(OLS)http://semarc/number/88191 996 $6245$aL'idea di persona nel pensiero orientale$9(OLS)http://semarc/title/155621 996 $6260$aSoveria Mannelli :$bRubbettino$9(OLS)http://semarc/publisher/32145